Statistics for Countries by Coldest Recorded Temperature

Click here to take the quiz!

General Stats

  • This quiz has been taken 69,773 times
    (56,352 since last reset)
  • The average score is 17 of 23

Answer Stats

°C°FCountry% Correct
-67.7-89.9Russia
99%
-62.8-81.0Canada
98%
-51.4-60.5Norway
97%
-62.1-79.8United States
97%
-51.5-60.7Finland
96%
-52.6-62.7Sweden
96%
-69.6-93.3Denmark (Greenland)
94%
-52.3-62.1China
91%
-56.0-68.8Mongolia
86%
-43.5-46.3Estonia
80%
-51.6-60.9Kazakhstan
79%
-43.2-45.8Latvia
79%
-42.9-45.2Lithuania
78%
-42.2-44.0Belarus
69%
-45.1-49.2North Korea
66%
-51.6-60.9Tajikistan
61%
-53.6-64.5Kyrgyzstan
60%
-42.5-44.5Switzerland
60%
-52.2-62.0Afghanistan
45%
-46.7-52.0Armenia
41%
-45.6-50.1Turkey
37%
-42.2-44.0Czech Republic
33%
-43.5-46.3Bosnia and Herzegovina
12%

Score Distribution

Percentile by Number Answered

Percent of People with Each Score

Your Score History

You have not taken this quiz since the last reset